<?xml version="1.0" encoding="UTF-8"?>
<record
    xmlns:xsi="http://www.w3.org/2001/XMLSchema-instance"
    xsi:schemaLocation="http://www.loc.gov/MARC21/slim http://www.loc.gov/standards/marcxml/schema/MARC21slim.xsd"
    xmlns="http://www.loc.gov/MARC21/slim">

  <leader>03485nam a22004218i 4500</leader>
  <controlfield tag="001">BRILL9789004510173</controlfield>
  <controlfield tag="003">nllekb</controlfield>
  <controlfield tag="005">20260415154317.0</controlfield>
  <controlfield tag="006">m        d        </controlfield>
  <controlfield tag="007">cr un    uuuua</controlfield>
  <controlfield tag="008">230524s2023    gw      sb    001 0 eng d</controlfield>
  <datafield tag="020" ind1=" " ind2=" ">
    <subfield code="a">9789004510173</subfield>
    <subfield code="q">(electronic book)</subfield>
  </datafield>
  <datafield tag="020" ind1=" " ind2=" ">
    <subfield code="z">9789004510166</subfield>
    <subfield code="q">(print)</subfield>
  </datafield>
  <datafield tag="024" ind1="7" ind2=" ">
    <subfield code="a">10.1163/9789004510173</subfield>
    <subfield code="2">DOI</subfield>
  </datafield>
  <datafield tag="035" ind1=" " ind2=" ">
    <subfield code="z">(OCoLC)1371748015</subfield>
  </datafield>
  <datafield tag="040" ind1=" " ind2=" ">
    <subfield code="a">NL-LeKB</subfield>
    <subfield code="c">NL-LeKB</subfield>
    <subfield code="e">rda</subfield>
  </datafield>
  <datafield tag="041" ind1=" " ind2=" ">
    <subfield code="a">eng</subfield>
  </datafield>
  <datafield tag="050" ind1=" " ind2="4">
    <subfield code="a">Z151.3</subfield>
  </datafield>
  <datafield tag="072" ind1=" " ind2="7">
    <subfield code="a">HBLH</subfield>
    <subfield code="2">bicssc</subfield>
  </datafield>
  <datafield tag="072" ind1=" " ind2="7">
    <subfield code="a">HIS</subfield>
    <subfield code="x">010000</subfield>
    <subfield code="2">bisacsh</subfield>
  </datafield>
  <datafield tag="072" ind1=" " ind2="7">
    <subfield code="a">HIS</subfield>
    <subfield code="x">037020</subfield>
    <subfield code="2">bisacsh</subfield>
  </datafield>
  <datafield tag="082" ind1="0" ind2="4">
    <subfield code="a">686.209420</subfield>
    <subfield code="2">23</subfield>
  </datafield>
  <datafield tag="100" ind1="1" ind2=" ">
    <subfield code="a">Richards, Celyn David,</subfield>
    <subfield code="e">author.</subfield>
  </datafield>
  <datafield tag="245" ind1="1" ind2="4">
    <subfield code="a">The English Print Trade in the Reign of Edward VI, 1547-1553 /</subfield>
    <subfield code="c">Celyn David Richards.</subfield>
  </datafield>
  <datafield tag="300" ind1=" " ind2=" ">
    <subfield code="a">1 online resource (310 pages) :</subfield>
    <subfield code="b">illustrations.</subfield>
  </datafield>
  <datafield tag="490" ind1="1" ind2=" ">
    <subfield code="a">Library of the Written Word ;</subfield>
    <subfield code="v">115</subfield>
  </datafield>
  <datafield tag="504" ind1=" " ind2=" ">
    <subfield code="a">Includes bibliographical references and index.</subfield>
  </datafield>
  <datafield tag="505" ind1="0" ind2=" ">
    <subfield code="t">Acknowledgements -- List of Figures, Tables and Graphs -- AbbreviationsI -- 1 Introduction -- 2 The Reign of Edward VI and the English Book World: An Overview -- 1 The English Print World before 1547 -- 2 The Political Conditions of the Reign of Edward VI -- 3 Religious Affairs in England and Europe -- 4 The English Economy -- 5 The Output of English Printers, 1547-1553 -- 6 Edwardian Historiography -- 7 Key Questions -- 3 Print and Government -- 1 Censorship and the Law -- 2 Resistance and Suppression -- 3 The Religious and Social Radical Fringe -- 4 Official Offices, Compulsory Provisions and Rival Texts -- 1 The Canonical Texts of the Edwardian Church -- 2 State Patronage: Printers' Patents and Privileges -- 5 A Technical and Design Examination -- 1 The Henrician State of Affairs -- 2 Design Conventions -- 3 Technical Improvements -- 4 Woodcut Title Borders and Initials -- 5 Stylistic Conventions and Development -- 6 Commercial Networks -- 1 The Composite Parts of the English Book World -- 2 Commercial Relationships between Printers and Publishers -- 3 Partnerships -- 4 Printers for Hire -- 5 Publishers -- 7 The Growth of the Wider English Book World -- 1 'Certayne Honest Menne of the Occupacyon Whose Names Be upon Their Bokes': The Paul's Cross Publishing Syndicate -- 2 'Private' Patronage -- 3 Patronage Partnerships -- 8 Conclusion -- Bibliography -- Index.</subfield>
  </datafield>
  <datafield tag="520" ind1=" " ind2=" ">
    <subfield code="a">The protestant reformation was critical to the efflorescence of printing in England between 1547 and 1553. Celyn David Richards explores English print culture during this turbulent period, as an official programme of reform, new censorship dynamics and increasingly sophisticated commercial relationships contributed to the trade's rapid expansion. Edward VI's reign saw unprecedented levels of religious print production, London's first publishing syndicate, and a climate of protestant ascendancy which helped English print culture to make up ground on its continental counterparts.</subfield>
  </datafield>
  <datafield tag="546" ind1=" " ind2=" ">
    <subfield code="a">English</subfield>
  </datafield>
  <datafield tag="650" ind1=" " ind2="0">
    <subfield code="a">Book industries and trade</subfield>
    <subfield code="z">England</subfield>
    <subfield code="x">History</subfield>
    <subfield code="y">16th century.</subfield>
  </datafield>
  <datafield tag="650" ind1=" " ind2="0">
    <subfield code="a">Printing</subfield>
    <subfield code="x">Political aspects</subfield>
    <subfield code="z">England</subfield>
    <subfield code="x">History</subfield>
    <subfield code="y">16th century.</subfield>
  </datafield>
  <datafield tag="650" ind1=" " ind2="0">
    <subfield code="a">Printing</subfield>
    <subfield code="z">England</subfield>
    <subfield code="x">History</subfield>
    <subfield code="y">16th century.</subfield>
  </datafield>
  <datafield tag="776" ind1="0" ind2="8">
    <subfield code="i">Print version:</subfield>
    <subfield code="t">The English Print Trade in the Reign of Edward VI, 1547-1553.</subfield>
    <subfield code="d">Leiden ; Boston : Brill, 2023.</subfield>
    <subfield code="z">9789004510166</subfield>
    <subfield code="w">(DLC)  2023013632</subfield>
  </datafield>
  <datafield tag="830" ind1=" " ind2="0">
    <subfield code="a">Library of the Written Word ;</subfield>
    <subfield code="v">115.</subfield>
  </datafield>
  <datafield tag="856" ind1="4" ind2=" ">
    <subfield code="u">http://dx.doi.org/10.1163/9789004510173</subfield>
  </datafield>
  <datafield tag="942" ind1=" " ind2=" ">
    <subfield code="2">ddc</subfield>
    <subfield code="c">E-BOOK</subfield>
  </datafield>
  <datafield tag="999" ind1=" " ind2=" ">
    <subfield code="c">49425</subfield>
    <subfield code="d">49425</subfield>
  </datafield>
  <datafield tag="952" ind1=" " ind2=" ">
    <subfield code="r">2026-04-15 11:21:00</subfield>
    <subfield code="l">0</subfield>
    <subfield code="o">686.209420</subfield>
    <subfield code="p">EB04570</subfield>
    <subfield code="u">https://doi.org/10.1163/9789004510173</subfield>
    <subfield code="w">2026-04-15</subfield>
    <subfield code="y">E-BOOK</subfield>
    <subfield code="1">0</subfield>
    <subfield code="2">ddc</subfield>
    <subfield code="4">0</subfield>
    <subfield code="7">0</subfield>
    <subfield code="0">0</subfield>
    <subfield code="a">CUTN</subfield>
    <subfield code="b">CUTN</subfield>
    <subfield code="d">2026-04-15</subfield>
  </datafield>
</record>
